Thương binh tàn nhưng không phế

Đã lưu trong:
书目详细资料
格式: 图书
语言:Undetermined
出版: Hà Nội Thông Tấn 2007
主题:
标签: 添加标签
没有标签, 成为第一个标记此记录!
Thư viện lưu trữ: Trung tâm Học liệu Trường Đại học Cần Thơ
LEADER 00473nam a2200169Ia 4500
001 CTU_130794
008 210402s9999 xx 000 0 und d
082 |a 650.1 
082 |b Th561 
245 0 |a Thương binh tàn nhưng không phế 
260 |a Hà Nội 
260 |b Thông Tấn 
260 |c 2007 
650 |a Disabled veterans,Success in business 
650 |z Viet Nam 
904 |i Minh 
980 |a Trung tâm Học liệu Trường Đại học Cần Thơ